| 000 | 01018cam a22003494a 4500 | ||
|---|---|---|---|
| 001 | 15368774 | ||
| 005 | 20170105102856.0 | ||
| 008 | 080716s2010 cau b 001 0 eng d | ||
| 010 | _a 2008933210 | ||
| 015 |
_aGBA972140 _2bnb |
||
| 016 | 7 |
_a015332316 _2Uk |
|
| 020 | _a9781847870193 (hbk.) | ||
| 020 | _a1847870198 (hbk.) | ||
| 020 | _a1847870201 (pbk.) | ||
| 020 | _a9781847870209 (pbk.) | ||
| 035 | _a(OCoLC)ocn427612590 | ||
| 040 |
_aUKM _cUKM _dYDXCP _dBWK _dDLC |
||
| 042 | _alccopycat | ||
| 050 | 0 | 0 |
_aHM621 _b.M373 2010 |
| 082 | 0 | 4 |
_a306 _222 |
| 100 | 1 | _aMcGuigan, Jim. | |
| 245 | 1 | 0 |
_aCultural analysis / _cJim McGuigan. |
| 260 |
_aLos Angeles, CA : _bSAGE, _c2010. |
||
| 300 |
_a183 p. ; _c25 cm. |
||
| 504 | _aIncludes bibliographical references (p. [159]-173) and index. | ||
| 650 | 0 | _aCulture. | |
| 650 | 0 | _aCivilization. | |
| 650 | 0 | _aSocial history. | |
| 906 |
_a7 _bcbc _ccopycat _d2 _encip _f20 _gy-gencatlg |
||
| 942 |
_2ddc _cBK |
||
| 999 |
_c14490 _d14490 |
||